La guerra del Transvaal y los misterios de la Banca de Londres / (Record no. 96278)

MARC details
000 -LEADER
campo de control de longitud fija 00615nam a2200181 i 4500
001 - NÚMERO DE CONTROL
campo de control 96278
003 - IDENTIFICADOR DE NÚMERO DE CONTROL
campo de control ES-MaACL
005 - FECHA Y HORA DE LA ÚLTIMA TRANSACCIÓN
campo de control 20231226155049.0
007 - CAMPO FIJO DE DESCRIPCIÓN FÍSICA--INFORMACIÓN GENERAL
campo de control de longitud fija t|
008 - DATOS DE LONGITUD FIJA--INFORMACIÓN GENERAL
campo de control de longitud fija 050615s1974 sp ||||1| spa d
100 1# - ENTRADA PRINCIPAL--NOMBRE DE PERSONA
Nombre de persona Maeztu, Ramiro de,
Fechas asociadas al nombre 1875-1936
9 (RLIN) 75421
245 13 - MENCIÓN DEL TÍTULO
Título La guerra del Transvaal y los misterios de la Banca de Londres /
Mención de responsabilidad, etc. Ramiro de Maeztu, Van Poel Krupp (Seud); prólogo por E. Inman Fox.
260 ## - PUBLICACIÓN, DISTRIBUCIÓN, ETC.
Lugar de publicación, distribución, etc. Madrid :
Nombre del editor, distribuidor, etc. Taurus,
Fecha de publicación, distribución, etc. 1974.
650 04 - PUNTO DE ACCESO ADICIONAL DE MATERIA--TÉRMINO DE MATERIA
Término de materia o nombre geográfico como elemento de entrada Guerra de los bóers, 1899-1902.
9 (RLIN) 13191
700 1# - ENTRADA AGREGADA--NOMBRE PERSONAL
Nombre de persona Fox, E. Inman.
9 (RLIN) 52020
852 ## - LOCALIZACIÓN
Ubicación ES-MaACL
Número de control de estantería E-6552
Sublocalización o colección R.91107
Holdings
Estatus retirado Estado de pérdida Estado de daño No para préstamo Biblioteca de origen Biblioteca actual Ubicación en estantería Fecha de adquisición Fuente de adquisición Total de préstamos Signatura topográfica completa Código de barras Visto por última vez Precio de reemplazo Tipo de ítem Koha
        Biblioteca del Ateneo de Madrid Biblioteca del Ateneo de Madrid Depósito 2 17/01/2008     E-6552 1100521 23/02/2023 23/02/2023 Libro impreso